Korelácia vzťahov medzi výsledkami testu montážnych zručností a ďalším priebehom zamestnania vo VW SK diplomová práca

Saved in:
Bibliographic Details
Main Author: Taragel, Valér, 1988-
Corporate Author: Fakulta hospodárskej informatiky EU. Katedra štatistiky
Other Authors: Ďurka, Peter
Format: Book
Language:Slovak
Published: Bratislava 2013
Tags: Add Tag
No Tags, Be the first to tag this record!

MARC

LEADER 00000nbm a2200000 4500
001 0171663
005 20170315090439.7
041 0 |a slo 
044 |a SK 
245 1 0 |a Korelácia vzťahov medzi výsledkami testu montážnych zručností a ďalším priebehom zamestnania vo VW SK  |b diplomová práca  |c Valér Taragel ; školiteľ: Peter Ďurka 
264 1 |a Bratislava  |c 2013 
300 |a 103 s. 
100 1 |a Taragel, Valér, 1988- 
700 1 |a Ďurka, Peter 
710 2 |a Fakulta hospodárskej informatiky EU. Katedra štatistiky